髻鬃花
| 資料類型: | 圖書 | 書目號: | 48244 |
Leader xxxxxxxxxx 001 __ PCLIS00048244 005 __ 20140626105600.0008 010 0_ |a9789863230755|b平裝|dNT$280 042 __ |anbic 100 __ |a20140625d2014 m y0chiy50 e 101 0_ |achi 102 __ |atw 105 __ |aa z 000cy 200 1_ |a髻鬃花|e|f葉國居著 205 __ |a初版 210 __ |a臺北市|c聯合文學出版|a新北市新店區|c聯合發行總經銷|d2014[民103] 215 0_ |a251面|c圖|d21公分 225 2_ |a聯合文叢|v579 225 2_ |a聯合文學|v646 300 __ |a 681 __ |a855|b4467|v2007年版 700 _1 |a葉|b國居|4著 702 __ |a|b|4 801 _2 |atw|bNLPI|c20140612|gCCR |